Подробности
| 000 -МАРКЕР |
| контрольное поле |
01594nam0a2200265 4500 |
| 001 - ИДЕНТИФИКАТОР ЗАПИСИ |
| контрольное поле |
RU\NLR\BIBL_A\022443125 |
| 005 - ИДЕНТИФИКАТОР ВЕРСИИ |
| контрольное поле |
20250810080015.0 |
| 035 ## - ДРУГИЕ СИСТЕМНЫЕ НОМЕРА |
| Идентификатор записи |
(NLR Aleph) 022443125 |
| 100 ## - ДАННЫЕ ОБЩЕЙ ОБРАБОТКИ |
| Данные общей обработки |
20250203d1942 m y0rusy50 ca |
| 101 0# - ЯЗЫК РЕСУРСА |
| Язык текста, звукозаписи и т.д. |
казахский |
| 102 ## - СТРАНА ПУБЛИКАЦИИ ИЛИ ПРОИЗВОДСТВА |
| Страна публикации |
Казахстан |
| 105 ## - ПОЛЕ КОДИРОВАННЫХ ДАННЫХ: ТЕКСТОВЫЕ МАТЕРИАЛЫ, МОНОГРАФИЧЕСКИЕ |
| Кодированные данные о монографическом текстовом документе |
y z 000 y |
| 181 #0 - ПОЛЕ КОДИРОВАННЫХ ДАННЫХ: ВИД СОДЕРЖАНИЯ |
| Код вида содержания (ISBD) |
i |
| Код характеристики содержания (ISBD) |
axxe |
| 182 #0 - ПОЛЕ КОДИРОВАННЫХ ДАННЫХ: ТИП СРЕДСТВА |
| Код типа средства (ISBD) |
n - непосредственное |
| 200 1# - ЗАГЛАВИЕ И СВЕДЕНИЯ ОБ ОТВЕТСТВЕННОСТИ |
| Основное заглавие |
Қазақ ССР колхоздары мен совхоздарында мал шаруашылығын өркендетудің 1942 жылғы мемлекеттік планының орындалуын қамтамасыз ету шаралары туралы Қазақ ССР Халық комиссарлары Советі мен ҚК(б)П орталық комитетінің қаулысы |
| Сведения, относящиеся к заглавию |
1942 жыл 25 март |
| Параллельное заглавие |
О мероприятиях по обеспечению выполнения государственного плана развития животноводства в колхозах и совхозах КазССР на 1942 год |
| Сведения, относящиеся к заглавию |
постановление СНК КазССР и ЦК КП(б)К от 25 марта1942 года |
| Первые сведения об ответственности |
[отв. по вып. Н. Арыкова] |
| 203 ## - ВИД СОДЕРЖАНИЯ И ТИП СРЕДСТВА |
| Вид содержания |
Текст |
| Дополнительные сведения об издании |
визуальный |
| Тип средства |
непосредственный |
| 210 ## - ПУБЛИКАЦИЯ, РАСПРОСТРАНЕНИЕ И ДР. |
| Место издания, распространения и т.д. |
Алматы |
| Имя издателя, распространителя и т. д. |
Қазақтың біріккен мемлекеттік баспасы |
| Дата издания, распространения и т.д. |
1942 |
| 215 ## - ФИЗИЧЕСКАЯ ХАРАКТЕРИСТИКА |
| Специфическое обозначение материала и объем |
62,[1] с. |
| Другие сведения о физической характеристике |
табл. |
| Размеры |
22 |
| 702 #1 - ИМЯ ЛИЦА - ВТОРИЧНАЯ ОТВЕТСТВЕННОСТЬ |
| Начальный элемент ввода |
Арыкова |
| Часть имени, кроме начального элемента ввода |
Н. |
| Код отношения |
Контролер, Ответственный за выпуск |
| 942 ## - ДОПОЛНИТЕЛЬНЫЕ ЭЛЕМЕНТЫ ЗАПИСИ (АБИС) |
| Тип экземпляра АБИС |
Книга |
| 945 ## - Информацию об издании предоставили: |
| Полное название организации, предоставившей материал |
Российская национальная библиотека |
| 980 ## - КОЛЛЕКЦИЯ |
| Название коллекции |
Библиография Победы |
| 980 ## - КОЛЛЕКЦИЯ |
| Название коллекции |
Национальная библиография |